Mathematics : (Record no. 3895)

MARC details
000 -LEADER
fixed length control field 01036nac a22002651u 4500
090 ## - LOCALLY ASSIGNED LC-TYPE CALL NUMBER (OCLC); LOCAL CALL NUMBER (OCLC)
-- 3895
008 - FIXED-LENGTH DATA ELEMENTS--GENERAL INFORMATION
fixed length control field 081119t xxu||||| |||| 00| 0 eng d
010 ## - LIBRARY OF CONGRESS CONTROL NUMBER
LC control number 99029010
020 ## - INTERNATIONAL STANDARD BOOK NUMBER
International Standard Book Number 0471322032 (cloth : alk. paper)
035 ## - SYSTEM CONTROL NUMBER
System control number (DLC) 99029010
082 00 - DEWEY DECIMAL CLASSIFICATION NUMBER
Classification number 650.01513
Item number MIZ
100 ## - MAIN ENTRY--PERSONAL NAME
Personal name Mizrahi, Abe.
245 10 - TITLE STATEMENT
Title Mathematics :
Remainder of title an applied approach /
Statement of responsibility, etc Abe Mizrahi, Michael Sullivan.
250 ## - EDITION STATEMENT
Edition statement 7th ed.
260 ## - PUBLICATION, DISTRIBUTION, ETC. (IMPRINT)
Place of publication, distribution, etc New York :
Name of publisher, distributor, etc Wiley,
Date of publication, distribution, etc c2000.
300 ## - PHYSICAL DESCRIPTION
Extent xiv, 922, [157] p. ;
Dimensions 26 cm.
500 ## - GENERAL NOTE
General note Includes index.
650 #0 - SUBJECT ADDED ENTRY--TOPICAL TERM
Topical term or geographic name as entry element Business mathematics.
650 #0 - SUBJECT ADDED ENTRY--TOPICAL TERM
Topical term or geographic name as entry element Business mathematics
General subdivision Problems, exercises, etc.
650 #0 - SUBJECT ADDED ENTRY--TOPICAL TERM
Topical term or geographic name as entry element Social sciences
General subdivision Mathematics.
856 42 - ELECTRONIC LOCATION AND ACCESS
Materials specified Publisher description
Uniform Resource Identifier <a href="http://www.loc.gov/catdir/description/wiley037/99029010.html">http://www.loc.gov/catdir/description/wiley037/99029010.html</a>
856 42 - ELECTRONIC LOCATION AND ACCESS
Materials specified Table of Contents only
Uniform Resource Identifier <a href="http://www.loc.gov/catdir/toc/onix02/99029010.html">http://www.loc.gov/catdir/toc/onix02/99029010.html</a>
856 42 - ELECTRONIC LOCATION AND ACCESS
Materials specified Contributor biographical information
Uniform Resource Identifier <a href="http://www.loc.gov/catdir/enhancements/fy0607/99029010-b.html">http://www.loc.gov/catdir/enhancements/fy0607/99029010-b.html</a>
942 ## - ADDED ENTRY ELEMENTS (KOHA)
Item type Book - Borrowing
Call number prefix 650.01513MIZ
Source of classification or shelving scheme Dewey Decimal Classification
Holdings
Withdrawn status Item status Source of classification or shelving scheme Materials specified (bound volume or other part) Damaged status Not for loan Home library Current library Shelving location Date acquired Source of acquisition Total Checkouts Full call number Barcode Date last seen Koha item type Date last borrowed
  Lost Dewey Decimal Classification Lost In Inventory_2005-2015/8/22     Central Library Central Library First floor 07/08/2006 Purchase   650.01513 MIZ 0000000249 05/08/2007 Book - Borrowing  
    Dewey Decimal Classification       Central Library Central Library First floor 07/08/2007 Purchase 3 650.01513 MIZ 000005111 15/07/2025 Book - Borrowing 17/10/2019
    Dewey Decimal Classification       Central Library Central Library First floor 05/08/2007 Purchase   650.01513 MIZ 000005248 11/10/2025 NB - Book (Non borrowing)